Surveying And Levelling (Record no. 164387)

MARC details
000 -LEADER
fixed length control field 00497nam a2200193Ia 4500
008 - FIXED-LENGTH DATA ELEMENTS--GENERAL INFORMATION
fixed length control field 230612s9999 xx 000 0 und d
041 ## - LANGUAGE CODE
Language code of text/sound track or separate title eng
082 ## - DEWEY DECIMAL CLASSIFICATION NUMBER
Classification number 626.9 KAN
100 ## - MAIN ENTRY--PERSONAL NAME
Personal name Kanetkar T.P.
245 ## - TITLE STATEMENT
Title Surveying And Levelling
250 ## - EDITION STATEMENT
Edition statement 23 rd Ed.
260 ## - PUBLICATION, DISTRIBUTION, ETC. (IMPRINT)
Date of publication, distribution, etc. 1991
Name of publisher, distributor, etc. Pune Vidyarthi Griha Prakashan
300 ## - PHYSICAL DESCRIPTION
Extent 608
365 ## - TRADE PRICE
Currency code Rs.
Price amount 55.00
500 ## - GENERAL NOTE
Keywords D.
700 ## - ADDED ENTRY--PERSONAL NAME
Personal name Kanetkar T.P. & Kulkarni S.V.
906 ## - LOCAL DATA ELEMENT F, LDF (RLIN)
d B:487208-Oct-1991
c CIVIL
b 8.25
Holdings
Withdrawn status Lost status Damaged status Not for loan Home library Current library Date acquired Vendor Budget Code Cost, normal purchase price Bill number Full call number Barcode Date last seen Discount Cost, replacement price Bill Date Koha item type Original Barcode
Withdrawn       Cummins College of Engineering for Women Pune Cummins College of Engineering for Women Pune 16/10/1991 Everest Publishing House CIVIL 46.75 4872 626.9 KAN CCEP-BK-104 12/06/2023 8.25 55.00 08/10/1991 Books 000104